|
|
|
|
| LEADER |
00000nab a2200000 ar4500 |
| 001 |
vtls009526160 |
| 003 |
SK-MaSNL |
| 005 |
20260303060559.0 |
| 008 |
090616c2009 xo mr|p|||||||000 b|slo |
| 015 |
|
|
|a SNBRB2009/06
|2 snkbucl
|
| 038 |
|
|
|a SNKBUCL
|
| 040 |
|
|
|a SNKBUCL
|b slo
|c SNKBUCL
|e AACR2
|
| 041 |
0 |
|
|a slo
|
| 044 |
|
|
|a xo
|c SK
|
| 080 |
|
|
|a 791.221.5
|x (437.6)
|x (437.3)
|x (439)
|2 2001
|
| 100 |
1 |
|
|a Michalková, Eva,
|d 1982-
|4 aut
|9 1034913
|
| 245 |
1 |
0 |
|a Nenaplnené životy mužov aj žien
|c Eva Michalková
|
| 300 |
|
|
|b Fotogr.
|
| 630 |
0 |
7 |
|a Ženy môjho muža (film)
|2 snkbucl
|9 1035487
|
| 655 |
|
7 |
|a prezentácia
|2 snkbucl
|9 1034912
|
| 773 |
0 |
|
|t Film.sk
|g Roč. 10, č. 6 (2009), s. 20-21
|x 1335-8286
|
| 852 |
|
|
|a SNK
|b KIS3GCP
|
| 958 |
|
|
|a SK
|
| 958 |
|
|
|a CZ
|
| 958 |
|
|
|a HU
|
| 999 |
|
|
|c 1732012
|d 1733942
|